000 00429nam a2200169Ia 4500
008 230917s9999||||xx |||||||||||||| ||und||
020 _cRS745
040 _e213388
_aMAIN
041 _aEnglish
082 _a658.8 B161M
100 _aBaines, Fill
245 0 _aMarketing
260 _aNew Delhi
_bOxford University press
_c2013
300 _axxx, 697 p.
500 _a4548 20/12/2013 5639 15/01/2014 IHTM (SFS)
942 _cBK
999 _c34709
_d34709